Do you know your Mango Mesa ? - Statistics

General Stats
  • This quiz has been taken 3 times
  • The average score is 16 of 25
Answer Stats
Question Tile Select % Correct
Click on the pictures that come from Mango Mesa's Heartside No
100%
Click on the pictures that come from Mango Mesa's Heartside Yes
100%
Click on the pictures that come from Mango Mesa's Heartside No
100%
Click on the pictures that come from Mango Mesa's Heartside Yes
100%
Click on the pictures that come from Mango Mesa's Heartside No
100%
Click on the pictures that come from Mango Mesa's Heartside No
100%
Click on the pictures that come from Mango Mesa's Heartside Yes
100%
Click on the pictures that come from Mango Mesa's Heartside No
67%
Click on the pictures that come from Mango Mesa's Heartside No
67%
Click on the pictures that come from Mango Mesa's Heartside Yes
67%
Click on the pictures that come from Mango Mesa's Heartside No
67%
Click on the pictures that come from Mango Mesa's Heartside Yes
67%
Click on the pictures that come from Mango Mesa's Heartside No
67%
Click on the pictures that come from Mango Mesa's Heartside Yes
67%
Click on the pictures that come from Mango Mesa's Heartside Yes
67%
Click on the pictures that come from Mango Mesa's Heartside Yes
67%
Click on the pictures that come from Mango Mesa's Heartside No
67%
Click on the pictures that come from Mango Mesa's Heartside No
33%
Click on the pictures that come from Mango Mesa's Heartside No
33%
Click on the pictures that come from Mango Mesa's Heartside Yes
33%
Click on the pictures that come from Mango Mesa's Heartside Yes
33%
Click on the pictures that come from Mango Mesa's Heartside Yes
33%
Click on the pictures that come from Mango Mesa's Heartside Yes
33%
Click on the pictures that come from Mango Mesa's Heartside Yes
33%
Click on the pictures that come from Mango Mesa's Heartside Yes
33%
No matching quizzes found
Score Distribution
Percent of People with Each Score
Percentile by Number Answered
Your Score History
You have not taken this quiz